[Event "Ekaterinburg Rapid op"]
[Site "Ekaterinburg"]
[Date "2023.08.11"]
[Round "1"]
[White "Protasov, Maksim"]
[Black "Salemgareev, Tagir"]
[Result "0-1"]
[WhiteElo "1675"]
[BlackElo "2465"]
[PlyCount "110"]
[EventDate "2023.08.11"]
[EventType "swiss (rapid)"]
[EventRounds "11"]
[EventCountry "RUS"]
[SourceTitle "CBM 215 Extra"]
[Source "ChessBase"]
[SourceDate "2023.09.30"]
[SourceVersion "1"]
[SourceVersionDate "2023.09.30"]
[SourceQuality "1"]

1. d4 Nf6 2. c4 e6 3. Nc3 Bb4 4. e3 0-0 5. Bd2 d5 6. Nf3 b6 7. cxd5 exd5 8. Rc1 Bb7 9. Bd3 Be7 10. 0-0 c5 11. Ne5 Nc6 12. Be1 a6 13. f4 cxd4 14. Nxc6 Bxc6 15. exd4 Re8 16. Bh4 Qd7 17. Re1 b5 18. Qf3 b4 19. Ne2 Bb5 20. Ng3 Bxd3 21. Qxd3 Ne4 22. Bxe7 Qxe7 23. Re3 Nc5 24. Nf5 Qxe3+ 25. Qxe3 Rxe3 26. Nxe3 Nd3 27. Rc2 Nxf4 28. g3 Ne6 29. Nxd5 b3 30. axb3 Nxd4 31. Rc7 Nxb3 32. Nb6 Rd8 33. Rd7 Rxd7 34. Nxd7 f6 35. Kf2 Kf7 36. Ke3 Ke6 37. Nb8 a5 38. Nc6 Kd6 39. Na7 Kc5 40. Nc8 Nd4 41. Ne7 Nc6 42. Nf5 g6 43. Nh6 Ne5 44. Ng8 f5 45. Nf6 Ng4+ 46. Nxg4 fxg4 47. Kd3 Kb4 48. Kc2 a4 49. Kd2 Kc4 50. Kc2 Kd4 51. Kd2 g5 52. Ke2 h5 53. Kd2 h4 54. Ke2 hxg3 55. hxg3 Ke4 0-1

[Event "Zudov Memorial"]
[Site "Nizhnij Tagil"]
[Date "2023.07.30"]
[Round "9"]
[White "Makov, Artem"]
[Black "Protasov, Maksim"]
[Result "0-1"]
[WhiteElo "2046"]
[BlackElo "1724"]
[PlyCount "154"]
[EventDate "2023.07.29"]
[EventType "swiss (rapid)"]
[EventRounds "11"]
[EventCountry "RUS"]
[SourceTitle "CBM 215 Extra"]
[Source "ChessBase"]
[SourceDate "2023.09.30"]
[SourceVersion "1"]
[SourceVersionDate "2023.09.30"]
[SourceQuality "1"]

1. d4 Nf6 2. Nf3 e6 3. c4 d5 4. Nc3 Nbd7 5. Bg5 Bb4 6. e3 c5 7. cxd5 exd5 8. Be2 Qa5 9. 0-0 0-0 10. dxc5 Bxc3 11. bxc3 Qxc5 12. Qd4 Ne4 13. Rac1 Nxg5 14. Nxg5 h6 15. Nf3 b6 16. Qf4 Nf6 17. Bd3 Bd7 18. Rfd1 Rfe8 19. Nd4 Rac8 20. Bf5 Qc7 21. Qh4 Bxf5 22. Nxf5 Qe5 23. Nd4 Rc4 24. Qg3 Qh5 25. Nb5 Re5 26. Rd4 a6 27. Rxc4 dxc4 28. Nd4 b5 29. Nc6 Rg5 30. Qb8+ Kh7 31. Ne7 Qf3 32. g3 Qe4 33. Qa7 Qe6 34. Qb7 Re5 35. Nc8 Nd5 36. Rd1 Nxc3 37. Rd8 Qf6 38. Rd7 Rf5 39. Nd6 Ne2+ 40. Kh1 Rxf2 41. Qe4+ Kg8 42. Qe8+ Kh7 43. Qe4+ Qg6 44. Qxg6+ Kxg6 45. Ne4 Rf3 46. Rd6+ f6 47. Rxa6 Rxe3 48. Nd6 c3 49. Rc6 Nd4 50. Rc7 c2 51. Nxb5 Nxb5 52. Rxc2 Ra3 53. Rd2 Na7 54. Kg2 Nc6 55. Rb2 Kf5 56. Kf2 Ne5 57. Kg1 Ke4 58. Re2+ Kf5 59. Rf2+ Ke6 60. Rc2 h5 61. Kf1 g5 62. Kg1 Kd5 63. Rd2+ Rd3 64. Rf2 Nf3+ 65. Kg2 g4 66. Rb2 Rd2+ 67. Rxd2+ Nxd2 68. a4 Nc4 69. h3 f5 70. hxg4 hxg4 71. Kf2 Kc5 72. Ke2 Kd4 73. Kf2 Kd3 74. Kf1 Ke3 75. Kg2 Ke2 76. Kh1 Kf2 77. Kh2 Kf3 0-1

[Event "Zudov Memorial"]
[Site "Nizhnij Tagil"]
[Date "2023.07.30"]
[Round "8"]
[White "Protasov, Maksim"]
[Black "Smirnov, Alexey1111"]
[Result "0-1"]
[WhiteElo "1724"]
[BlackElo "2397"]
[PlyCount "107"]
[EventDate "2023.07.29"]
[EventType "swiss (rapid)"]
[EventRounds "11"]
[EventCountry "RUS"]
[SourceTitle "CBM 215 Extra"]
[Source "ChessBase"]
[SourceDate "2023.09.30"]
[SourceVersion "1"]
[SourceVersionDate "2023.09.30"]
[SourceQuality "1"]

1. d4 d5 2. c4 e6 3. Nf3 a6 4. Nc3 dxc4 5. a4 Nc6 6. e3 Na5 7. Nd2 c5 8. Nxc4 Nf6 9. Nxa5 Qxa5 10. dxc5 Bxc5 11. Bd2 Bb4 12. Bc4 0-0 13. 0-0 Rd8 14. Qe2 Bd7 15. Rfd1 Bc6 16. f3 Rac8 17. e4 Bxc3 18. Bxc3 Qc5+ 19. Kh1 Rxd1+ 20. Rxd1 Bxa4 21. Rd4 Bc6 22. Qd2 Qe7 23. Bb4 Qe8 24. h3 h6 25. Ba2 Nd7 26. Bc3 Bb5 27. Qf2 e5 28. Rd2 Bc4 29. Bxc4 Rxc4 30. Qg3 f6 31. Qg4 Nf8 32. Kh2 Rc7 33. Ba5 Rd7 34. Rc2 Qe6 35. Qg3 Kh7 36. Qf2 Ng6 37. Qc5 Nf4 38. Bd2 Ne2 39. Be3 Nd4 40. Bxd4 exd4 41. Rd2 Qe5+ 42. Qxe5 fxe5 43. Kg3 g5 44. Rc2 Kg6 45. Kf2 Rd6 46. Ke1 Rc6 47. Rd2 Rc1+ 48. Ke2 Kf6 49. Kd3 h5 50. Rf2 h4 51. Rd2 Ke6 52. b4 Rc3+ 53. Ke2 Rb3 54. Ke1 0-1